Lord of the Rings by letter - N - Statistics

General Stats
  • This quiz has been taken 921 times
  • The average score is 5 of 8
Answer Stats
Hint Answer % Correct
The Black Riders, The Ringwraiths Nazgûl
98%
The sword that was broken Narsil
84%
Sunken island realm Numenor
84%
Lived in Dol Guldur The Necromancer
82%
The farthing of the Shire in which the Battle of Greenfields took place Northfarthing
76%
The Elven-ring of fire Narya
46%
Servant of Barliman Butterbur Nob
40%
Inland Sea in Mordor Nurnen
28%
No matching quizzes found
Score Distribution
Percent of People with Each Score
Percentile by Number Answered
Your Score History
You have not taken this quiz